| 000 | 01236cam a2200289 i 4500 | ||
|---|---|---|---|
| 003 | SA-RiAUC | ||
| 005 | 20250714055314.0 | ||
| 008 | 250711s2007____ku g f00010 ara c | ||
| 040 |
_aJO-IrCEJ _bara _cSA-RiAUC _erda |
||
| 082 | 0 | 4 | _a213 |
| 090 |
_a213 _bب ر ا |
||
| 100 | 1 |
_aالبرلسي، مصطفى بن رمضان بن عبد الكريم، _d1215-1263 هجري _eمؤلف. |
|
| 245 | 1 | 2 |
_aالخطب السنية / _cمصطفى البولاقي ؛ ترتيب وتقريب وتهذيب وليد بن محمد عبد الله العلي. |
| 250 | _aالطبعة الأولى. | ||
| 264 | 1 |
_aالكويت : _bوزارة الأوقاف والشؤون الإسلامية، _c2007. |
|
| 300 |
_a272 صفحة ؛ _c24 سم. |
||
| 336 |
_aنص _btxt _2rdacontent _3كتاب |
||
| 337 |
_aبدون وسيط _bn _2rdamedia |
||
| 338 |
_aمجلد _bnc _2rdacarrier |
||
| 490 | 0 |
_aرسائل الخطبة والخطيب ؛ _v5 |
|
| 650 | 7 |
_aالخطب الدينية _2aucsh |
|
| 650 | 7 |
_aالوعظ والإرشاد _2aucsh |
|
| 650 | 7 |
_aالدعوة الإسلامية _2aucsh |
|
| 700 | 1 |
_aالعلي، وليد بن محمد بن عبد الله _eمنظم. |
|
| 942 |
_2ddc _cBOOK _n0 |
||
| 949 |
_aSA-JeALM _d250711 _umohamedma123 _n1 |
||
| 999 |
_c9912 _d9912 |
||